00437nam a22001577a 450000500170000001000150001702000260003203500140005803700130007208200080008510000190009324500540011226000340016627000580020030000210025820200218125938.0 aENG-127864 a9789380959023c495.00 aEN-111396 bDBAD/PUB a808 aAggarwal,Payal a7 Steps for Effective Writing/cby Payal Aggarwal aNew DelhibAkshay Booksc2016 a315,Hari Nagar Ashram,Mathura RoadbNew Delhie110014 a219p.c23cm (hb)